000 00429pab a2200169 454500
008 180718b2009 xxu||||| |||| 00| 0 eng d
100 _aCollins, Paul
245 _aState capacity building in China: an introduction
260 _c2009
300 _ap.1-8.
362 _aFeb
650 _aPublic administration
700 _aChan, Hon. S.
773 _aPublic Administration and Development
908 _aN
909 _a81499
999 _c81499
_d81499